Top Mangosteen Producers Quiz Stats

 Plays Quiz not verified by Sporcle

Support Sporcle.
Go Orange.
Score 0/11 Timer 02:00
0 Plays Today
Tons per year (2009-10) Country % Correct
scantIndia
82.7%
200,000Thailand
80.6%
105,558Indonesia
80.6%
28,350Malaysia
70.5%
40,000Vietnam
69.8%
4,200Philippines
68.3%
scantUnited States (Hawaii, Puerto Rico)
58.3%
scantAustralia
48.9%
scantMexico
48.9%
scantSri Lanka
43.9%
scantCosta Rica
17.3%

You're not logged in!

Compare scores with friends on all Sporcle quizzes.
OR
Log In

From the Vault

Classic Rock in Other Words

by Kicking222

Somehow these songs are not quite as catchy when reworded.
Remove Ads.
Support Sporcle.
Get the best of Sporcle when you Go Orange. This ad-free experience offers more features, more stats, and more fun while also helping to support Sporcle. Thank you for becoming a member.

Show Comments

Extras

Top Quizzes Today


Score Distribution

Your Account Isn't Verified!

In order to create a playlist on Sporcle, you need to verify the email address you used during registration. Go to your Sporcle Settings to finish the process.

Report this User

Report this user for behavior that violates our Community Guidelines.

Details: